| 000 | 00881nam a2200253 i 4500 | ||
|---|---|---|---|
| 001 | 34522 | ||
| 003 | ES-MaACL | ||
| 005 | 20250815015447.0 | ||
| 007 | t| | ||
| 008 | 030207s1946 sp ||||1| spa d | ||
| 100 | 1 |
_aBlum, Léon, _d1872-1950 _929583 |
|
| 245 | 1 | 0 |
_aCon sentido humano _b: . Democracia política. Democracia social. Superestado / _cLéon Blum ; traducción de Luis Hernández Alfonso. |
| 250 | _a1ª ed. | ||
| 260 |
_aMadrid : _bJavier Morata, _c1946. |
||
| 300 |
_a203 p. ; _c21 cm. |
||
| 490 | 1 | _aAl servicio de la Historia. Temas de nuestro tiempo | |
| 700 | 1 |
_aHernández Alfonso, Luis. _962874 |
|
| 740 | 0 | _aDemocracia política. | |
| 740 | 0 | _aDemocracia social. | |
| 740 | 0 | _aSuperestado. | |
| 830 | 0 | 0 |
_aAl servicio de la historia. _pTemas de nuestro tiempo _9229497 |
| 852 |
_aES-MaACL _jB-10379 _bR.22050 |
||
| 999 |
_c34522 _d34522 |
||